Public health nursing: population-centered health care in the community /

Další autoři: Stanhope, Marcia, 1942-, Lancaster, Jeanette, 1944-, Hoffman, Joy E., Levin, Pamala F., Turner, Lisa
Jazyk: Angličtina
Vydáno: St. Louis, Missouri : Elsevier, [2025]
Vydání: Eleventh edition
Témata:
Externí odkaz: Doplňkové materiály na
Fyzický popis: xxxi, 909 stran : barevné ilustrace ; 28 cm
Knihy
Uloženo v:
LEADER 01955nam a2200505 i 4500
001 001911024
003 CZ BrMZK
005 20250204070039.0
007 ta
008 241008t20252025xxua e p 001 0 eng
020 |a 978-0-323-88282-8  |q (brožováno) 
040 |a BOA001  |b cze  |e rda 
072 7 |a 616  |x Patologie. Klinická medicína  |2 Konspekt  |9 14 
072 7 |a 37.016  |x Učební osnovy. Vyučovací předměty. Učebnice  |2 Konspekt  |9 22 
080 |a 616-083  |2 MRF 
080 |a 614  |2 MRF 
080 |a 616-083:364-154  |2 MRF 
080 |a (075)  |2 MRF 
245 0 0 |a Public health nursing: population-centered health care in the community /  |c [edited by] Marcia Stanhope, Jeanette Lancaster ; section editors Joy E. Hoffman, Pamala F. Levin, Lisa Turner 
250 |a Eleventh edition 
264 1 |a St. Louis, Missouri :  |b Elsevier,  |c [2025] 
264 4 |c ©2025 
300 |a xxxi, 909 stran :  |b barevné ilustrace ;  |c 28 cm 
336 |a text  |b txt  |2 rdacontent 
337 |a bez média  |b n  |2 rdamedia 
338 |a svazek  |b nc  |2 rdacarrier 
504 |a Obsahuje bibliografické odkazy a rejstřík 
650 0 7 |a ošetřovatelství  |7 ph123893  |2 czenas 
650 0 7 |a veřejné zdraví  |7 ph135099  |2 czenas 
650 0 7 |a komunitní ošetřovatelství  |7 ph413826  |2 czenas 
650 0 9 |a nursing  |2 eczenas 
650 0 9 |a public health  |2 eczenas 
650 0 9 |a community nursing  |2 eczenas 
655 7 |a učebnice  |7 fd133770  |2 czenas 
655 9 |a textbooks  |2 eczenas 
700 1 |a Stanhope, Marcia,  |d 1942-  |7 jcu2016925353  |4 edt 
700 1 |a Lancaster, Jeanette,  |d 1944-  |7 jcu2016925367  |4 edt 
700 1 |a Hoffman, Joy E.  |4 edt 
700 1 |a Levin, Pamala F.  |4 edt 
700 1 |a Turner, Lisa  |4 edt 
856 4 2 |3 Doplňkové materiály na  |u http://evolve.elsevier.com/Stanhope/community 
910 |a BOA001  |b 3-1533.078 
990 |a BK 
991 |b 202502  |c NOV 
996 6 |b 2610982326  |c 3-1533.078  |l MZK  |r STM 6p  |n 0  |p kupz  |h 614 STA  |w 001979928  |u 000010  |a 0  |e BOA001  |j MZK50  |s P